[Event "28.Schlosspark-Open"]
[Site "Wiesbaden-Biebrich"]
[Date "2016.08.27"]
[Round "4.60"]
[White "Meding, Olaf"]
[Black "Moseler, Thomas"]
[Result "1-0"]
[WhiteElo "1790"]
[BlackElo "1620"]
[PlyCount "147"]
[EventDate "2016.??.??"]
[WhiteTeam "SF Mainz"]
[BlackTeam "SK Lister Turm"]

1. d4 Nf6 2. Bg5 Ne4 3. Bf4 c5 4. f3 Qa5+ 5. c3 Nf6 6. d5 Qb6 7. b3 d6 8. e4
Nbd7 9. Nd2 g6 10. Nc4 Qd8 11. Qd2 Bg7 12. Bh6 Bxh6 13. Qxh6 b5 14. Nd2 a6 15.
c4 Qa5 16. Qe3 bxc4 17. Bxc4 O-O 18. Ne2 Re8 19. O-O Nf8 20. Bd3 e6 21. Nc4 Qd8
22. dxe6 Bxe6 23. Rfd1 Bxc4 24. Bxc4 Qe7 25. Nc3 Red8 26. Rd2 N8d7 27. Qe2 Qe5
28. Rc1 a5 29. Nb5 Nb6 30. Rcd1 d5 31. exd5 Qxe2 32. Rxe2 Rd7 33. Red2 Rad8 34.
Nc3 Ne8 35. Bb5 Ra7 36. Bxe8 Rxe8 37. Ne4 Rd8 38. Nxc5 Rc7 39. Ne4 Nd7 40. d6
Rc6 41. Rd5 Ra6 42. Nc5 Nxc5 43. Rxc5 a4 44. Rcd5 axb3 45. axb3 Rb6 46. R1d3
Kf8 47. Kf2 Rd7 48. g4 f6 49. Kg3 Kf7 50. f4 Ke6 51. f5+ gxf5 52. gxf5+ Kf7 53.
Kg4 Rb4+ 54. R5d4 Rb5 55. Kf4 Rb6 56. b4 Kg7 57. Ke3 Rb5 58. Ke4 Re5+ 59. Kf4
Rb5 60. Re4 Kf8 61. h4 Rb6 62. Red4 Kf7 63. h5 h6 64. Ke4 Rb5 65. Rc3 Rbb7 66.
Rc5 Ke8 67. Kd5 Kd8 68. Rdc4 Ke8 69. Ke6 Kf8 70. Rc7 Rdxc7 71. dxc7 Rb6+ 72.
Kd7 Kf7 73. c8=Q Rd6+ 74. Kxd6 1-0

[Event "28.Schlosspark-Open"]
[Site "Wiesbaden-Biebrich"]
[Date "2016.08.27"]
[Round "4.61"]
[White "Jakesevic, Ivan"]
[Black "Zerhusen, Martin"]
[Result "1/2-1/2"]
[WhiteElo "1633"]
[BlackElo "1789"]
[PlyCount "71"]
[EventDate "2016.??.??"]
[WhiteTeam "FC Bierstadt"]
[BlackTeam "SV Oberursel"]

1. c4 c5 2. Nf3 Nc6 3. Nc3 d6 4. d4 cxd4 5. Nxd4 Bd7 6. Bg5 a6 7. Nd5 Nxd4 8.
Qxd4 Rc8 9. g3 h6 10. Bd2 Bc6 11. Bg2 e6 12. Ne3 Bxg2 13. Nxg2 Nf6 14. O-O Be7
15. Rfd1 O-O 16. Bb4 d5 17. Bxe7 Qxe7 18. cxd5 Nxd5 19. a3 Rc2 20. e4 Nf6 21.
e5 Nd5 22. Ne1 Rc6 23. f4 Rfc8 24. Qf2 Qc5 25. Qxc5 Rxc5 26. Kf2 Kf8 27. Ke2
Ke7 28. Nd3 Rc4 29. Rac1 a5 30. Rxc4 Rxc4 31. Rc1 Rxc1 32. Nxc1 Kd7 33. Nb3 b6
34. Nd4 Ke7 35. f5 Kd7 36. Kd3 1/2-1/2

[Event "28.Schlosspark-Open"]
[Site "Wiesbaden-Biebrich"]
[Date "2016.08.27"]
[Round "4.62"]
[White "Poetsch, Leonore"]
[Black "Lehmann, Wolfgang"]
[Result "1-0"]
[WhiteElo "1777"]
[BlackElo "1585"]
[PlyCount "69"]
[EventDate "2016.??.??"]
[WhiteTeam "SK Langen"]
[BlackTeam "Wiesbadener SV"]

1. e4 c6 2. Nf3 d5 3. Nc3 dxe4 4. Nxe4 Bf5 5. Ng3 Bg6 6. h4 h6 7. Ne5 Bh7 8.
Qh5 g6 9. Qf3 Nf6 10. Qb3 Qd5 11. Qxb7 Qxe5+ 12. Be2 e6 13. Qxa8 Qc7 14. Ba6
Bd6 15. Ne2 O-O 16. Qb7 Qa5 17. Bc4 Nbd7 18. Qxc6 Bc5 19. O-O Ne5 20. Qb5 Qc7
21. d4 Neg4 22. Bf4 Bd6 23. Bxd6 Qxd6 24. g3 e5 25. Qc5 Qb8 26. b3 exd4 27.
Qxd4 g5 28. hxg5 hxg5 29. Bd3 Bxd3 30. Qxd3 Kg7 31. Kg2 Qb7+ 32. Qf3 Qc7 33. c4
Re8 34. Nc3 Ne5 35. Qxf6+ 1-0

[Event "28.Schlosspark-Open"]
[Site "Wiesbaden-Biebrich"]
[Date "2016.08.27"]
[Round "4.63"]
[White "WÃ¶hl, Torsten"]
[Black "Krischak, Werner"]
[Result "0-1"]
[WhiteElo "1592"]
[BlackElo "1767"]
[PlyCount "128"]
[EventDate "2016.??.??"]
[WhiteTeam "SC GroÃŸ-Zimmern"]
[BlackTeam "SK Marburg"]

1. d4 d5 2. Bf4 c6 3. c3 e6 4. Nf3 Bd6 5. Bxd6 Qxd6 6. Nbd2 Nf6 7. Qc2 O-O 8.
e4 dxe4 9. Nxe4 Nxe4 10. Qxe4 Nd7 11. Bd3 Nf6 12. Qh4 b5 13. Ne5 b4 14. Ng4 Ne4
15. Bxe4 f5 16. Nh6+ gxh6 17. Bc2 e5 18. Qg3+ Kh8 19. O-O-O bxc3 20. Qxc3 e4
21. d5+ Rf6 22. dxc6 Qxc6 23. Rd8+ Kg7 24. Qg3+ Rg6 25. Qe5+ Rf6 26. Kb1 Be6
27. Rd6 Bxa2+ 28. Kxa2 Qxd6 29. Qc3 Qa6+ 30. Kb1 Rc8 31. Qg3+ Rg6 32. Qe5+ Qf6
33. Qb5 Rd8 34. g3 Qf7 35. Bb3 Qd7 36. Qe5+ Rf6 37. Rc1 Qd6 38. Qa5 Qd3+ 39.
Bc2 Qd5 40. Qc7+ Rf7 41. Qc3+ Qd4 42. Qa3 Qxf2 43. Qa5 Qb6 44. Qc3+ Qd4 45. Qa3
Rb8 46. Bb3 Rfb7 47. Rd1 Qb4 48. Qxb4 Rxb4 49. Rd7+ Kf6 50. Rd6+ Kg5 51. h4+
Kg4 52. Bd1+ Kxg3 53. b3 f4 54. Rxh6 R8b7 55. Rh5 f3 56. Rf5 Kf2 57. Kc1 Ke3
58. Kb2 Kd2 59. Rd5+ Ke1 60. h5 f2 61. Bg4 Rxb3+ 62. Kc2 Rb2+ 63. Kc3 R7b3+ 64.
Kc4 f1=Q+ 0-1

[Event "28.Schlosspark-Open"]
[Site "Wiesbaden-Biebrich"]
[Date "2016.08.27"]
[Round "4.64"]
[White "BÃ¶rkey, Luis"]
[Black "Bratmann, Marc"]
[Result "1/2-1/2"]
[WhiteElo "1591"]
[BlackElo "1755"]
[PlyCount "58"]
[EventDate "2016.??.??"]
[WhiteTeam "Wiesbadener SV"]
[BlackTeam "TuS Dotzheim"]

1. d4 d5 2. Bf4 c5 3. e3 Nf6 4. Nf3 Nc6 5. Nbd2 Bg4 6. c3 e6 7. Bd3 Nh5 8. Bg3
Nxg3 9. hxg3 h6 10. Qa4 Bxf3 11. Nxf3 a6 12. Ne5 Qa5 13. Bc2 Qxa4 14. Bxa4 Rc8
15. Nxc6 bxc6 16. Kd2 Bd6 17. Rac1 Ke7 18. a3 c4 19. Rb1 c5 20. b4 cxb3 21.
Bxb3 c4 22. Bc2 Rb8 23. a4 Kd7 24. Rxb8 Rxb8 25. Rb1 Rxb1 26. Bxb1 Ba3 27. Bc2
Ke7 28. Bd1 a5 29. Bf3 Kd6 1/2-1/2

[Event "28.Schlosspark-Open"]
[Site "Wiesbaden-Biebrich"]
[Date "2016.08.27"]
[Round "4.65"]
[White "Hegener, Thorsten"]
[Black "KnÃ¶dler, Marcel"]
[Result "1-0"]
[WhiteElo "1752"]
[BlackElo "1535"]
[PlyCount "79"]
[EventDate "2016.??.??"]
[WhiteTeam "SC Eschborn"]
[BlackTeam "FC Bierstadt"]

1. d4 b6 2. g3 Bb7 3. Nf3 Nf6 4. Bg2 e6 5. c4 c5 6. O-O cxd4 7. Nxd4 Bxg2 8.
Kxg2 Nc6 9. Nxc6 dxc6 10. Qa4 Qc7 11. Bf4 Qb7 12. Kg1 Be7 13. Nc3 O-O 14. Rfd1
Rfd8 15. Qc2 c5 16. Rxd8+ Rxd8 17. Rd1 Rd7 18. Rxd7 Nxd7 19. Qd3 Bf6 20. b3
Bxc3 21. Qxc3 Qe4 22. Qd2 Qb1+ 23. Kg2 Qe4+ 24. f3 Qd4 25. Qxd4 cxd4 26. Bd6 f6
27. f4 g6 28. Kf3 f5 29. e4 dxe3 30. Kxe3 Kf7 31. Kd4 Ke8 32. b4 Kd8 33. c5
bxc5+ 34. bxc5 Kc8 35. c6 Nb8 36. Bxb8 Kxb8 37. Ke5 Kc7 38. Kxe6 Kxc6 39. Kf7
Kb5 40. Kg7 1-0

[Event "28.Schlosspark-Open"]
[Site "Wiesbaden-Biebrich"]
[Date "2016.08.27"]
[Round "4.66"]
[White "Happel, Jonas"]
[Black "KÃ¼nne, Lutz Dieter"]
[Result "1/2-1/2"]
[WhiteElo "1745"]
[BlackElo "1574"]
[PlyCount "62"]
[EventDate "2016.??.??"]
[WhiteTeam "SV Hofheim"]
[BlackTeam "KC Jena"]

1. d4 d5 2. Nf3 Nf6 3. e3 e6 4. Bd3 Nbd7 5. O-O Bd6 6. Nc3 c6 7. e4 dxe4 8.
Nxe4 Nxe4 9. Bxe4 h6 10. c3 O-O 11. Re1 Qc7 12. h3 Nf6 13. Bc2 b6 14. Nd2 Bb7
15. Ne4 Nxe4 16. Bxe4 c5 17. Bxb7 Qxb7 18. Qg4 Kh7 19. dxc5 Bxc5 20. Be3 Bxe3
21. Rxe3 Rad8 22. Rd1 f5 23. Qe2 Rxd1+ 24. Qxd1 Rf6 25. Rd3 Rg6 26. f3 Qc6 27.
Rd6 Qc5+ 28. Qd4 Qb5 29. Qd2 Qc5+ 30. Qd4 Qb5 31. Qd2 Qc5+ 1/2-1/2

[Event "28.Schlosspark-Open"]
[Site "Wiesbaden-Biebrich"]
[Date "2016.08.27"]
[Round "4.67"]
[White "Polat, Marcel"]
[Black "Fernandez Garcia, Alfonso Javier"]
[Result "0-1"]
[WhiteElo "1740"]
[BlackElo "1535"]
[PlyCount "98"]
[EventDate "2016.??.??"]
[WhiteTeam "Vorw.Orient Mainz"]
[BlackTeam "SV Neu-Isenburg"]

1. e4 e6 2. Nc3 d5 3. exd5 exd5 4. d4 Nf6 5. Nf3 Be7 6. Be2 O-O 7. O-O Nbd7 8.
Re1 c6 9. Bd3 Re8 10. Ne2 Ne4 11. Ng3 Nxg3 12. fxg3 Nf6 13. c3 Bg4 14. Qc2 h6
15. Be3 Bd6 16. Bf2 Qc7 17. Nh4 Be6 18. Nf5 Bf8 19. a4 b6 20. b4 a6 21. Be3
Bxf5 22. Bxf5 Bd6 23. Bd3 Ng4 24. Bf2 Kf8 25. Rxe8+ Rxe8 26. Bxa6 Qd7 27. Bd3
g6 28. Qd2 Kg7 29. Re1 Ra8 30. Bc2 Qc7 31. Qe2 Qd7 32. Qf3 Rc8 33. Rf1 Qe6 34.
h3 Nxf2 35. Qxf2 c5 36. b5 cxd4 37. cxd4 Rc3 38. g4 Bg3 39. Qd2 Re3 40. Rf3 Re2
41. Qc3 Re1+ 42. Rf1 Bh2+ 43. Kxh2 Rxf1 44. Qd3 Rf2 45. Kg3 Qf6 46. h4 Qf4+ 47.
Kh3 Rd2 48. Qb3 Qf2 49. Qxd5 Rxc2 0-1

[Event "28.Schlosspark-Open"]
[Site "Wiesbaden-Biebrich"]
[Date "2016.08.27"]
[Round "4.68"]
[White "Busch, GÃ¼nther"]
[Black "Pogosian, Norair"]
[Result "0-1"]
[WhiteElo "1572"]
[BlackElo "1736"]
[PlyCount "128"]
[EventDate "2016.??.??"]
[WhiteTeam "FC Bierstadt"]
[BlackTeam "SK Ã–tigheim"]

1. g3 d5 2. Bg2 e5 3. d3 Nf6 4. e3 Nc6 5. a3 Be6 6. Nd2 Bd6 7. Ne2 Qd7 8. h3
O-O-O 9. b4 Nb8 10. Bb2 Qe7 11. Nb3 Nfd7 12. Nc3 c6 13. Na4 d4 14. Bc1 f5 15.
Na5 Nb6 16. c4 dxc3 17. Nxc3 Nd5 18. Qc2 Qc7 19. Nc4 Nxc3 20. Qxc3 Bxc4 21.
Qxc4 Rhe8 22. O-O g5 23. f4 gxf4 24. exf4 exf4 25. Bxf4 Bxf4 26. Rxf4 Qg7 27.
Raf1 Qxg3 28. R4f3 Qd6 29. Qf7 Qd7 30. Qxd7+ Rxd7 31. Rxf5 Rxd3 32. R5f3 Rd7
33. h4 Kc7 34. Rf7 Ree7 35. R7f4 Rg7 36. Kh2 Rde7 37. Bh3 Nd7 38. Bxd7 Rxd7 39.
R1f2 b5 40. Kh3 Kb6 41. Rf6 Rd3+ 42. R2f3 Rd1 43. Rf1 Rd3+ 44. R1f3 Rxf3+ 45.
Rxf3 a5 46. Rc3 axb4 47. axb4 Rg1 48. Rb3 c5 49. bxc5+ Kxc5 50. Rf3 Rg7 51.
Rf5+ Kc4 52. Rf4+ Kc3 53. Rf3+ Kd4 54. Rf4+ Ke3 55. Rb4 Rb7 56. Rb3+ Kd4 57.
Rb4+ Kc3 58. Rg4 b4 59. Rg3+ Kb2 60. Rg2+ Ka3 61. Rg3+ b3 62. Kh2 Ka2 63. Rg2+
b2 64. Kh1 Ka1 0-1

[Event "28.Schlosspark-Open"]
[Site "Wiesbaden-Biebrich"]
[Date "2016.08.27"]
[Round "4.69"]
[White "Kirchner, Stefan"]
[Black "Mao, Yvonne"]
[Result "0-1"]
[WhiteElo "1510"]
[BlackElo "1733"]
[PlyCount "36"]
[EventDate "2016.??.??"]
[WhiteTeam "SF SchÃ¶neck"]
[BlackTeam "SK Gernsheim"]

1. e4 c5 2. Nf3 a6 3. d4 cxd4 4. Nxd4 Nf6 5. f3 e5 6. Nb3 d5 7. Bg5 dxe4 8.
Qxd8+ Kxd8 9. fxe4 Be7 10. Nc3 Be6 11. Be3 Nbd7 12. Be2 Bb4 13. Nd2 Rc8 14.
Ndb1 Nxe4 15. O-O Nxc3 16. Nxc3 Bxc3 17. bxc3 Rxc3 18. Bf3 Rxe3 0-1

[Event "28.Schlosspark-Open"]
[Site "Wiesbaden-Biebrich"]
[Date "2016.08.27"]
[Round "4.70"]
[White "Schneider, Luca"]
[Black "Kirchner, Markus"]
[Result "0-1"]
[WhiteElo "1369"]
[BlackElo "1711"]
[PlyCount "200"]
[EventDate "2016.??.??"]
[WhiteTeam "FC Bierstadt"]
[BlackTeam "SF SchÃ¶neck"]

1. b4 e6 2. a3 Nf6 3. Bb2 d5 4. e3 Be7 5. Nf3 a5 6. b5 O-O 7. c4 Nbd7 8. Be2
Nb6 9. cxd5 exd5 10. d3 Be6 11. O-O Nfd7 12. a4 Bf6 13. Nd4 Re8 14. Nxe6 fxe6
15. Nc3 Nc8 16. Qb3 Nc5 17. Qc2 Nd7 18. Bf3 Ne5 19. Be2 Nd6 20. Rac1 Rc8 21.
Qd2 Nd7 22. Rfe1 Nc5 23. Qc2 Nd7 24. Nd1 Bxb2 25. Qxb2 Qf6 26. Qc3 Qxc3 27.
Nxc3 Nb6 28. Red1 Nf7 29. d4 Nd6 30. Ra1 Nbc4 31. Nb1 Rf8 32. Bxc4 Nxc4 33. Nd2
Nb2 34. Rf1 Nd3 35. Nb3 b6 36. Nd2 Nb4 37. h3 Rf7 38. Nf3 c6 39. bxc6 Nxc6 40.
Rfc1 Rfc7 41. Ng5 Nd8 42. Rxc7 Rxc7 43. Nf3 Nf7 44. Rb1 Rc6 45. Rb2 Kf8 46. Kf1
Ke7 47. Ke2 Kd7 48. Kd3 Kc7 49. Rc2 Rxc2 50. Kxc2 Kc6 51. Nd2 Ng5 52. f3 h5 53.
Nb1 h4 54. Nc3 Nf7 55. Kd3 Nd6 56. e4 b5 57. e5 b4 58. Nd1 Nc4 59. Kc2 Kd7 60.
Kd3 Ke7 61. Kc2 Kf7 62. Kb3 Kg6 63. Nf2 Ne3 64. Nd3 Nxg2 65. Nc5 Nf4 66. Nb7
Nxh3 67. Nxa5 Nf4 68. Nc6 h3 69. a5 h2 70. a6 h1=Q 71. a7 Qa1 72. Kxb4 Qa6 73.
Kc5 Nd3+ 74. Kd6 Nb4 75. a8=Q Qxa8 76. Nxb4 Qf8+ 77. Kxe6 Qxb4 78. Kxd5 Qb5+
79. Ke4 Kf7 80. f4 Qe2+ 81. Kd5 Qf3+ 82. Kd6 Qxf4 83. d5 Ke8 84. Ke6 Qg4+ 85.
Kd6 Qd7+ 86. Kc5 g5 87. e6 Qc7+ 88. Kd4 Qd6 89. Ke4 g4 90. Ke3 Qxd5 91. Kf4
Qxe6 92. Kg3 Qf7 93. Kh4 g3 94. Kxg3 Ke7 95. Kg4 Ke6 96. Kg3 Ke5 97. Kg4 Qf2
98. Kh3 Qg1 99. Kh4 Kf4 100. Kh3 Qg3# 0-1

[Event "28.Schlosspark-Open"]
[Site "Wiesbaden-Biebrich"]
[Date "2016.08.27"]
[Round "4.71"]
[White "Rapp, Matthias"]
[Black "Metzdorf, Matteo"]
[Result "1-0"]
[WhiteElo "1728"]
[BlackElo "1211"]
[PlyCount "133"]
[EventDate "2016.??.??"]
[WhiteTeam "SF Mainz"]
[BlackTeam "SG Trier"]

1. e4 e6 2. d4 d5 3. Nc3 Nf6 4. e5 Nfd7 5. Qg4 c5 6. Nf3 cxd4 7. Qxd4 Nc6 8.
Qf4 Nb4 9. Bd3 Nxd3+ 10. cxd3 Nc5 11. Qd2 Nd7 12. O-O f6 13. d4 Bb4 14. exf6
Nxf6 15. Re1 O-O 16. Qd3 Be7 17. Ng5 Qd6 18. Bd2 h6 19. Nf3 Bd7 20. Ne5 Be8 21.
Re3 Kh8 22. Rh3 Ng8 23. Nb5 Qb6 24. Rc1 Bf6 25. Nc7 Rc8 26. Nxe8 Rxc1+ 27. Bxc1
Bxe5 28. Be3 Rxe8 29. dxe5 Qxb2 30. g4 Qxe5 31. g5 Qf5 32. Qxf5 exf5 33. gxh6
gxh6 34. Rh5 Rf8 35. Bxa7 Ra8 36. Bd4+ Kh7 37. Rxf5 Rxa2 38. Rf7+ Kg6 39. Rg7+
Kf5 40. Rxg8 Ke4 41. Be3 d4 42. Rg4+ Kf3 43. Rf4+ Ke2 44. Rxd4 Ra8 45. Kg2 Rg8+
46. Kh3 Kf3 47. Rf4+ Ke2 48. Rf7 b5 49. Rb7 Kf3 50. Rxb5 Rg2 51. Rf5+ Ke4 52.
Rf4+ Ke5 53. Kxg2 Kd6 54. Kf3 Ke5 55. Rf8 Kd5 56. Re8 Kd6 57. Ke4 Kc6 58. Ke5
Kb5 59. Kd5 Kb4 60. Rc8 Kb3 61. Kd4 Kb2 62. Bc1+ Kb3 63. Rc4 Ka2 64. Rb4 Ka1
65. Kc3 Ka2 66. Kc2 Ka1 67. Ra4# 1-0

[Event "28.Schlosspark-Open"]
[Site "Wiesbaden-Biebrich"]
[Date "2016.08.27"]
[Round "4.73"]
[White "Reinisch, Markus"]
[Black "Werner, Tom"]
[Result "1/2-1/2"]
[WhiteElo "1719"]
[BlackElo "1242"]
[PlyCount "102"]
[EventDate "2016.??.??"]
[WhiteTeam "Wiesbadener SV"]
[BlackTeam "VSG Offenbach"]

1. e4 e6 2. d4 d5 3. exd5 exd5 4. c4 Nf6 5. Nf3 Nc6 6. Nc3 Bb4 7. Bg5 Bxc3+ 8.
bxc3 Be6 9. cxd5 Bxd5 10. Bd3 Qe7+ 11. Qe2 Qxe2+ 12. Kxe2 Ne4 13. c4 Nxg5 14.
cxd5 Nxf3 15. Kxf3 Nxd4+ 16. Ke4 c5 17. Rhe1 O-O 18. Kf4 Rad8 19. Re7 Rxd5 20.
Be4 Rh5 21. h3 Ne6+ 22. Ke3 b6 23. Rd1 Nd4 24. f4 Nf5+ 25. Bxf5 Rxf5 26. Rdd7
g6 27. Rxa7 Rf6 28. Rab7 Ra8 29. Ra7 Rxa7 30. Rxa7 Rd6 31. Rc7 Kg7 32. g4 Kf6
33. Rc8 Kg7 34. g5 Rd5 35. Rb8 Rd6 36. Rc8 h6 37. h4 hxg5 38. hxg5 Rd4 39. Rc6
Ra4 40. Rxb6 Rxa2 41. Rc6 Rc2 42. Ke4 c4 43. Kd4 Rf2 44. Ke3 Rc2 45. Kd4 c3 46.
Rxc3 Rxc3 47. Kxc3 f6 48. Kd4 Kf7 49. Kd5 Ke7 50. gxf6+ Kxf6 51. Ke4 Ke6
1/2-1/2

[Event "28.Schlosspark-Open"]
[Site "Wiesbaden-Biebrich"]
[Date "2016.08.27"]
[Round "4.74"]
[White "Fink, Michael"]
[Black "FÃ¼ssel, Jan Michael"]
[Result "0-1"]
[WhiteElo "1109"]
[BlackElo "1718"]
[PlyCount "60"]
[EventDate "2016.??.??"]
[WhiteTeam "TuS Makkabi Wiesbaden"]
[BlackTeam "VSG Offenbach"]

1. e4 c5 2. c3 e6 3. d4 cxd4 4. cxd4 Bb4+ 5. Bd2 Qa5 6. Nc3 Nf6 7. Nf3 Nc6 8.
a3 Bxc3 9. Bxc3 Qd8 10. Bd3 b6 11. e5 Nd5 12. Bd2 d6 13. exd6 Qxd6 14. O-O Nf4
15. Be4 Nd5 16. Qc2 Bd7 17. Bxh7 Rc8 18. Qd3 Nce7 19. Be4 Nf6 20. Bb4 Qf4 21.
Rfe1 Ng4 22. g3 Qh6 23. h4 Nd5 24. Bxd5 Qh5 25. Qe2 Qxd5 26. Bc3 Bc6 27. Kg2 g5
28. Rh1 gxh4 29. gxh4 Rg8 30. Kf1 Bb5 0-1

[Event "28.Schlosspark-Open"]
[Site "Wiesbaden-Biebrich"]
[Date "2016.08.27"]
[Round "4.76"]
[White "BÃ¶rkey, Pierre"]
[Black "Meaubert, Thomas"]
[Result "0-1"]
[WhiteElo "1399"]
[BlackElo "1773"]
[PlyCount "106"]
[EventDate "2016.??.??"]
[WhiteTeam "Wiesbadener SV"]
[BlackTeam "SC Pirmasens"]

1. d4 Nf6 2. c4 e6 3. Nf3 d5 4. e3 Bb4+ 5. Nbd2 O-O 6. b3 Nbd7 7. Bb2 b6 8. Bd3
Bb7 9. O-O Ne4 10. a3 Bd6 11. Ne5 Nxd2 12. Qxd2 f6 13. Nxd7 Qxd7 14. Qc2 f5 15.
c5 Be7 16. Rac1 c6 17. f4 Rac8 18. Rf3 Rc7 19. g4 g6 20. Qg2 Bf6 21. gxf5 exf5
22. Rg3 Qe6 23. cxb6 axb6 24. Kh1 c5 25. Qh3 Bg7 26. b4 c4 27. Be2 Rfc8 28. Bc3
b5 29. Rcg1 Bc6 30. Qg2 Be8 31. Bh5 Rc6 32. Bf3 Bf7 33. Be2 Qf6 34. Qh3 R8c7
35. Bh5 Be8 36. Bf3 Rd6 37. Qg2 Bf7 38. Bh5 Qe6 39. h4 Re7 40. Qf2 Qe4+ 41. Bf3
Qxe3 42. Qxe3 Rxe3 43. Bb2 Bh6 44. Bc1 Rc3 45. Bb2 Rd3 46. Be2 Rxg3 47. Rxg3
Bxf4 48. Rf3 Bd2 49. Kg2 f4 50. Kf2 Be6 51. Bc3 Be3+ 52. Kg2 Bf5 53. Bd1 Be4
0-1

[Event "28.Schlosspark-Open"]
[Site "Wiesbaden-Biebrich"]
[Date "2016.08.27"]
[Round "4.77"]
[White "Niedenthal, Robert"]
[Black "Goodwin, David"]
[Result "0-1"]
[WhiteElo "1769"]
[BlackElo "1504"]
[PlyCount "94"]
[EventDate "2016.??.??"]
[WhiteTeam "SV Hofheim"]
[BlackTeam "SV Kelsterbach"]

1. c4 g6 2. g3 Bg7 3. Nc3 d6 4. Bg2 Nd7 5. Nf3 a6 6. d4 c5 7. O-O cxd4 8. Nxd4
Rb8 9. Re1 Nb6 10. Qd3 Bd7 11. b3 Qc8 12. Bb2 Nh6 13. e4 Bh3 14. Bh1 Ng4 15.
Rac1 Qc5 16. Nd5 Ne5 17. Qd2 Nxd5 18. cxd5 Qb6 19. Bg2 Bxg2 20. Kxg2 O-O 21. f4
Bh6 22. Qe2 Nd7 23. Rc4 Rbc8 24. Rec1 Rxc4 25. Qxc4 Bg7 26. b4 a5 27. a3 axb4
28. Qxb4 Ra8 29. Qxb6 Nxb6 30. Rc2 Na4 31. Ba1 Nc5 32. Bb2 Ra4 33. Nb5 Bxb2 34.
Rxb2 Rxe4 35. Kf3 Rc4 36. Ke3 f5 37. Kf3 h6 38. h3 Kf7 39. g4 Nd3 40. Rb3 fxg4+
41. hxg4 Nxf4 42. Nc3 Nd3 43. Ne4 Ne5+ 44. Kf4 Nd7 45. Rf3 Ne5 46. Rb3 Nxg4 47.
Rxb7 Nf6 0-1

[Event "28.Schlosspark-Open"]
[Site "Wiesbaden-Biebrich"]
[Date "2016.08.27"]
[Round "4.78"]
[White "Diener, Carolin Valeria"]
[Black "Ebeling, Gereon"]
[Result "1-0"]
[WhiteElo "1692"]
[BlackElo "1343"]
[PlyCount "93"]
[EventDate "2016.??.??"]
[WhiteTeam "SK Bad Homburg"]
[BlackTeam "SK Mainaschaff"]

1. e4 e5 2. Nf3 Nc6 3. Bb5 a6 4. Ba4 Nf6 5. d3 Be7 6. O-O d6 7. c3 O-O 8. Re1
b5 9. Bb3 Be6 10. Bc2 d5 11. Nbd2 Bg4 12. h3 Bh5 13. Qe2 d4 14. Nf1 h6 15. Ng3
Bg6 16. Nh2 Qd7 17. Rf1 Bd6 18. f4 exf4 19. Bxf4 Bxf4 20. Rxf4 dxc3 21. bxc3
Qd6 22. Qf2 Nh5 23. Nxh5 Bxh5 24. d4 Bg6 25. Rf1 Qe7 26. Nf3 Bh5 27. Qe1 Na5
28. g4 Bg6 29. Nh4 Qe6 30. Nxg6 Qxg6 31. Qf2 Qe6 32. Bd3 Nc4 33. Qe2 Rab8 34.
e5 Qd5 35. Rf5 Qe6 36. R1f2 Qd5 37. g5 g6 38. Rf6 Rb6 39. Be4 Qd7 40. Qd3 Rxf6
41. gxf6 Rd8 42. Qg3 g5 43. h4 Kf8 44. hxg5 hxg5 45. Qxg5 Qh3 46. Qg7+ Ke8 47.
Bc6+ 1-0

[Event "28.Schlosspark-Open"]
[Site "Wiesbaden-Biebrich"]
[Date "2016.08.27"]
[Round "4.79"]
[White "Jahraus, Marlis"]
[Black "Hegener, Daniel"]
[Result "1-0"]
[WhiteElo "1453"]
[BlackElo "1626"]
[PlyCount "37"]
[EventDate "2016.??.??"]
[WhiteTeam "SC Untergrombach"]
[BlackTeam "SC Eschborn"]

1. e4 d5 2. exd5 Qxd5 3. Nc3 Qa5 4. d4 Nf6 5. Nf3 Bf5 6. Ne5 c6 7. Bd3 Bg6 8.
O-O e6 9. Re1 Be7 10. Bd2 Qb6 11. Nc4 Qxd4 12. Be3 Qd8 13. Bxg6 Qxd1 14. Bxf7+
Kxf7 15. Ne5+ Ke8 16. Raxd1 Nd5 17. Bd2 Bc5 18. Nxd5 exd5 19. Ng6+ 1-0

[Event "28.Schlosspark-Open"]
[Site "Wiesbaden-Biebrich"]
[Date "2016.08.27"]
[Round "4.81"]
[White "Gerber, Ingo"]
[Black "Masoudi, Kian"]
[Result "1/2-1/2"]
[WhiteElo "1324"]
[BlackElo "1594"]
[PlyCount "103"]
[EventDate "2016.??.??"]
[WhiteTeam "SF Mainz"]
[BlackTeam "SC Bergen-Enkheim"]

1. e4 e5 2. Nf3 Nc6 3. d4 exd4 4. Nxd4 Bc5 5. Be3 Qf6 6. c3 Nge7 7. Bc4 d6 8.
O-O Qg6 9. Nd2 Bh3 10. Qf3 Bd7 11. Rfe1 Ne5 12. Qe2 O-O 13. b4 Bb6 14. N4f3
Nxc4 15. Qxc4 Be6 16. Qe2 d5 17. Bxb6 axb6 18. Nd4 dxe4 19. Nxe4 Nd5 20. Qd2
Rfe8 21. c4 Nf6 22. Nxf6+ Qxf6 23. Nxe6 Rxe6 24. Qc1 Qe7 25. Rxe6 Qxe6 26. a3
h5 27. h3 Qe2 28. a4 Rd8 29. c5 bxc5 30. bxc5 Rd2 31. Qf1 Qxf1+ 32. Kxf1 Rc2
33. Rb1 Rxc5 34. Rxb7 Kf8 35. Ke2 Ke8 36. Rb5 Rc2+ 37. Ke3 g6 38. a5 Kd7 39. g3
Ra2 40. f4 Ra3+ 41. Kf2 Kc6 42. Re5 Kd6 43. Rb5 c5 44. Rb7 c4 45. a6 Rxa6 46.
Rxf7 Kd5 47. f5 c3 48. fxg6 Rxg6 49. Rc7 Rc6 50. Rxc6 Kxc6 51. Ke2 Kd5 52. g4
1/2-1/2

[Event "28.Schlosspark-Open"]
[Site "Wiesbaden-Biebrich"]
[Date "2016.08.27"]
[Round "4.82"]
[White "Reinecke, Alexander"]
[Black "Viol, Julius"]
[Result "0-1"]
[WhiteElo "1118"]
[BlackElo "1586"]
[PlyCount "86"]
[EventDate "2016.??.??"]
[WhiteTeam "SK Langen"]
[BlackTeam "FC Bierstadt"]

1. e4 c5 2. Nf3 d6 3. d4 cxd4 4. Nxd4 Nf6 5. Nc3 a6 6. Bc4 e6 7. Be3 Be7 8. Qe2
b5 9. Bd3 e5 10. Nf5 Bxf5 11. exf5 d5 12. Bg5 e4 13. Bxf6 Bxf6 14. Nxe4 dxe4
15. Qxe4+ Qe7 16. Qxe7+ Bxe7 17. O-O O-O 18. Rfe1 Bf6 19. c3 Nd7 20. Rad1 Nc5
21. Bc2 Rad8 22. g3 Rxd1 23. Rxd1 Rd8 24. Rxd8+ Bxd8 25. b3 Kf8 26. Kg2 Ke7 27.
Kf3 Kf6 28. Ke3 Bb6 29. Ke2 Ke5 30. f3 Nb7 31. Be4 Nd6 32. Kd3 Nxe4 33. fxe4
Bg1 34. h3 Bf2 35. g4 Kf4 36. c4 f6 37. b4 bxc4+ 38. Kxc4 Kg3 39. b5 axb5+ 40.
Kxb5 Kxh3 41. a4 Kxg4 42. a5 Kf4 43. a6 h5 0-1

[Event "28.Schlosspark-Open"]
[Site "Wiesbaden-Biebrich"]
[Date "2016.08.27"]
[Round "4.83"]
[White "Künitz, Klaus"]
[Black "Roth, Michael"]
[Result "0-1"]
[WhiteElo "1775"]
[BlackElo "1540"]
[PlyCount "20"]
[EventDate "2016.??.??"]
[WhiteTeam "TSV Schott Mainz"]
[BlackTeam "SC Lerchenberg/ZMO"]

1. d4 e5 2. dxe5 d6 3. exd6 Bxd6 4. c4 Nf6 5. Nc3 Nc6 6. Nf3 Bf5 7. b3 Qe7 8.
Bb2 O-O-O 9. Qc1 Nb4 10. Nd4 Nd3+ 0-1

[Event "28.Schlosspark-Open"]
[Site "Wiesbaden-Biebrich"]
[Date "2016.08.27"]
[Round "4.84"]
[White "Mayer, Rolf"]
[Black "Stork, Christopher"]
[Result "1/2-1/2"]
[WhiteElo "1510"]
[BlackElo "1654"]
[PlyCount "46"]
[EventDate "2016.??.??"]
[WhiteTeam "SC FlÃ¶rsheim"]
[BlackTeam "SV Oberursel"]

1. d4 d5 2. Nf3 Nc6 3. Bf4 Bf5 4. e3 e6 5. c3 Bd6 6. Bxd6 Qxd6 7. Bd3 Nge7 8.
h3 O-O-O 9. Bxf5 Nxf5 10. O-O f6 11. b4 a6 12. a4 Na7 13. Qe2 c6 14. Nbd2 Qd7
15. Rfd1 Nd6 16. c4 Kb8 17. cxd5 exd5 18. Nb3 Nc4 19. Nfd2 Nxd2 20. Qxd2 g5 21.
Nc5 Qd6 22. Qe2 h5 23. Rab1 Rh7 1/2-1/2

[Event "28.Schlosspark-Open"]
[Site "Wiesbaden-Biebrich"]
[Date "2016.08.27"]
[Round "4.85"]
[White "BÃ¶rkey, Joel"]
[Black "Held, Gerd"]
[Result "1-0"]
[WhiteElo "1598"]
[BlackElo "1462"]
[PlyCount "75"]
[EventDate "2016.??.??"]
[WhiteTeam "Wiesbadener SV"]
[BlackTeam "SC GroÃŸ-Zimmern"]

1. d4 g6 2. c4 Bg7 3. Nf3 c5 4. Bf4 Nf6 5. e3 O-O 6. Nc3 cxd4 7. exd4 d6 8. Qd2
Bd7 9. Bh6 Qa5 10. Bxg7 Kxg7 11. Be2 a6 12. O-O Bg4 13. Rfe1 e6 14. h3 Bxf3 15.
Bxf3 Qc7 16. Rac1 Nbd7 17. d5 e5 18. Na4 Nb6 19. Nxb6 Qxb6 20. b4 Rac8 21. a4
Nd7 22. Re3 Rc7 23. Be2 f5 24. h4 Nf6 25. c5 dxc5 26. d6 Rc6 27. bxc5 Rxc5 28.
Rxc5 Qxc5 29. Rc3 Qb6 30. Rc7+ Rf7 31. d7 Qxc7 32. d8=Q Rd7 33. Qxc7 Rxc7 34.
Qd6 Rc1+ 35. Kh2 Kf7 36. Qxe5 Rc2 37. Bf3 h5 38. Bd5+ 1-0

[Event "28.Schlosspark-Open"]
[Site "Wiesbaden-Biebrich"]
[Date "2016.08.27"]
[Round "4.86"]
[White "Klinke, Roland"]
[Black "Deutsch, Volker"]
[Result "1/2-1/2"]
[WhiteElo "1438"]
[BlackElo "1600"]
[PlyCount "64"]
[EventDate "2016.??.??"]
[WhiteTeam "TuS Dotzheim"]
[BlackTeam "SK GrÃ¼ndau"]

1. d4 d5 2. c4 c6 3. Nf3 Nf6 4. cxd5 cxd5 5. g3 e6 6. Bg2 Bd6 7. Nc3 Nc6 8. O-O
O-O 9. Bd2 Bd7 10. Qb3 Na5 11. Qd1 Nc4 12. b3 Nxd2 13. Qxd2 Bb4 14. Qb2 Rc8 15.
Rac1 Qe7 16. Nb1 Ne4 17. a3 Ba5 18. b4 Bc7 19. Nbd2 Nd6 20. e3 Bb5 21. Rfe1 Bc4
22. Ne5 b5 23. Nc6 Qd7 24. Ne5 Qe7 25. Nc6 Qd7 26. Ne5 Qe8 27. Nb3 Bxb3 28.
Qxb3 Nc4 29. Nd3 Bd6 30. Nc5 Qc6 31. Rc2 Rfe8 32. Rce2 Re7 1/2-1/2